<?xml version="1.0" encoding="UTF-8"?>
<record
    xmlns:xsi="http://www.w3.org/2001/XMLSchema-instance"
    xsi:schemaLocation="http://www.loc.gov/MARC21/slim http://www.loc.gov/standards/marcxml/schema/MARC21slim.xsd"
    xmlns="http://www.loc.gov/MARC21/slim">

  <leader>01053nam a22002417a 4500</leader>
  <controlfield tag="005">20250224145738.0</controlfield>
  <controlfield tag="008">230728b           ||||| |||| 00| 0 eng d</controlfield>
  <datafield tag="040" ind1=" " ind2=" ">
    <subfield code="c">AL</subfield>
  </datafield>
  <datafield tag="041" ind1=" " ind2=" ">
    <subfield code="a">Kannada</subfield>
  </datafield>
  <datafield tag="082" ind1=" " ind2=" ">
    <subfield code="2">23</subfield>
    <subfield code="a">K894.4</subfield>
    <subfield code="b">BHAE</subfield>
  </datafield>
  <datafield tag="100" ind1=" " ind2=" ">
    <subfield code="a">Bhaskara Rai Kukkuvalli</subfield>
    <subfield code="9">202257</subfield>
  </datafield>
  <datafield tag="100" ind1=" " ind2=" ">
    <subfield code="9">128908</subfield>
    <subfield code="d">&#xCAD;&#xCBE;&#xCB8;&#xCCD;&#xC95;&#xCB0; &#xCB0;&#xCC8; &#xC95;&#xCC1;&#xC95;&#xCCD;&#xC95;&#xCC1;&#xCB5;&#xCB3;&#xCCD;&#xCB3;&#xCBF; </subfield>
  </datafield>
  <datafield tag="245" ind1=" " ind2=" ">
    <subfield code="a">Ekanthadinda Lokantharake</subfield>
    <subfield code="b">&#xC8F;&#xC95;&#xCBE;&#xC82;&#xCA4;&#xCB0;&#xCA6;&#xCBF;&#xC82;&#xCA6; &#xCB2;&#xCCB;&#xC95;&#xCBE;&#xC82;&#xCA4;&#xCB0;&#xC95;&#xCC6; </subfield>
  </datafield>
  <datafield tag="260" ind1=" " ind2=" ">
    <subfield code="a">Mangaluru</subfield>
    <subfield code="b">Jagatika Bantara Sanghagala Okkuta </subfield>
    <subfield code="c">2023</subfield>
  </datafield>
  <datafield tag="300" ind1=" " ind2=" ">
    <subfield code="a">375p.</subfield>
    <subfield code="b">PB</subfield>
    <subfield code="c">21x14cm.</subfield>
  </datafield>
  <datafield tag="365" ind1=" " ind2=" ">
    <subfield code="2">Kannada</subfield>
    <subfield code="a">BLCR-000022</subfield>
    <subfield code="b">280.00</subfield>
    <subfield code="c">&#x20B9;</subfield>
    <subfield code="d">350.00</subfield>
    <subfield code="e">20%</subfield>
    <subfield code="f">11-07-2023</subfield>
  </datafield>
  <datafield tag="520" ind1=" " ind2=" ">
    <subfield code="a">&#xCB8;&#xC82;&#xCAA;&#xCB0;&#xCCD;&#xC95; &#xCB8;&#xCA6;&#xCBE;&#xCB6;&#xCAF;&#xC97;&#xCB3;  &#xCAD;&#xCBE;&#xCB5;&#xCAF;&#xCBE;&#xCA8; 
</subfield>
  </datafield>
  <datafield tag="650" ind1=" " ind2=" ">
    <subfield code="a">Kannada Prose: &#xC95;&#xCA8;&#xCCD;&#xCA8;&#xCA1; &#xC97;&#xCA6;&#xCCD;&#xCAF; </subfield>
    <subfield code="9">128889</subfield>
  </datafield>
  <datafield tag="650" ind1=" " ind2=" ">
    <subfield code="a">Samparka Yana: &#xCB8;&#xC82;&#xCAA;&#xCB0;&#xCCD;&#xC95; &#xCAF;&#xCBE;&#xCA8; </subfield>
    <subfield code="9">128890</subfield>
  </datafield>
  <datafield tag="650" ind1=" " ind2=" ">
    <subfield code="a">Sadashaya Yana: &#xCB8;&#xCA6;&#xCBE;&#xCB6;&#xCAF; &#xCAF;&#xCBE;&#xCA8; </subfield>
    <subfield code="9">128891</subfield>
  </datafield>
  <datafield tag="700" ind1=" " ind2=" ">
    <subfield code="a">KUKKUVALLI (Bhaskara Rai): &#xC95;&#xCC1;&#xC95;&#xCCD;&#xC95;&#xCC1;&#xCB5;&#xCB3;&#xCCD;&#xCB3;&#xCBF; (&#xCAD;&#xCBE;&#xCB8;&#xCCD;&#xC95;&#xCB0; &#xCB0;&#xCC8;)</subfield>
    <subfield code="9">128892</subfield>
  </datafield>
  <datafield tag="942" ind1=" " ind2=" ">
    <subfield code="2">ddc</subfield>
    <subfield code="c">BK</subfield>
  </datafield>
  <datafield tag="999" ind1=" " ind2=" ">
    <subfield code="c">228193</subfield>
    <subfield code="d">228193</subfield>
  </datafield>
  <datafield tag="952" ind1=" " ind2=" ">
    <subfield code="0">0</subfield>
    <subfield code="1">0</subfield>
    <subfield code="2">ddc</subfield>
    <subfield code="4">0</subfield>
    <subfield code="7">0</subfield>
    <subfield code="8">KAN</subfield>
    <subfield code="a">AL</subfield>
    <subfield code="b">AL</subfield>
    <subfield code="d">2023-07-19</subfield>
    <subfield code="e">Navakarnataka Publications Pvt Ltd Mangaluru 575001</subfield>
    <subfield code="g">280.00</subfield>
    <subfield code="l">0</subfield>
    <subfield code="o">K894.4 BHAE</subfield>
    <subfield code="p">076571</subfield>
    <subfield code="r">2023-07-28 00:00:00</subfield>
    <subfield code="v">350.00</subfield>
    <subfield code="w">2023-07-28</subfield>
    <subfield code="y">BK</subfield>
  </datafield>
</record>
